La Banca privada en la Rioja y Castilla - León entre 1920 y 1935 / [autor: José Víctor Arroyo Martín] José Víctor Arroyo Martín]
Descripción Física:
219 p. : il., taules, gràf. ; 25 cm
MARC
| LEADER | 00000nam a2200000Ia 4500 | ||
|---|---|---|---|
| 001 | 14457 | ||
| 008 | 160829s9999 xx 000 0 cat d | ||
| 080 | |a M-4-241 | ||
| 100 | |a Arroyo, J. Víctor |9 23811 | ||
| 245 | |a La Banca privada en la Rioja y Castilla - León entre 1920 y 1935 / [autor: |b José Víctor Arroyo Martín] | ||
| 260 | |a Bilbao : |b BBVA, Archivo Histórico, DL 2002 | ||
| 300 | |a 219 p. : |b il., taules, gràf. ; |c 25 cm | ||
| 490 | |a Informaciones : Cuadernos de archivo ; 4a época, año 9-10, no. 68-69 (jul. 2001/jun. 2002) | ||
| 650 | |a Bancs |x Rioja |x 1920/1935 |9 25620 | ||
| 650 | |a Bancs |x Castella i Lleó |x 1920/1935 |9 25621 | ||
| 710 | 2 | |a Banco Bilbao Vizcaya Argentaria. |b Archivo Histórico |9 54521 | |
| 901 | |a Arxiu | ||
| 942 | |n 1 | ||
| 952 | |0 0 |1 0 |4 0 |6 M4241 |7 1 |9 43705 |a Arxiu |b Arxiu |d 2016-12-01 |l 0 |o M-4-241 |p 14457 |r 2016-12-01 00:00:00 |w 2016-12-01 |y ARXIU | ||
| 999 | |c 46253 |d 46253 | ||